LEADER 01141nam2 22003013i 450 001 BVE0692163 005 20231121125419.0 010 $a9788862274357 100 $a20200702d2012 ||||0itac50 ba 101 | $aita 102 $ait 181 1$6z01$ai $bxxxe 182 1$6z01$an 200 0 $a1: (2003-2009) 210 $aPisa$aRoma$cSerra$d2012 215 $a429 p.$cill.$d35 cm$e2 carte di tav. ripiegate 225 | $aBiblioteca degli Studi di egittologia e di papirologia$v9 300 $aBibliogr.: p. 421-429 410 0$1001RMS1753975$12001 $aBiblioteca degli Studi di egittologia e di papirologia$v9 461 1$1001UBO3986473$12001 $aSoknopaiou Nesos Project$fa cura di Mario Capasso e Paola Davoli$v1 801 3$aIT$bIT-01$c20200702 850 $aIT-FR0017 899 $aBiblioteca umanistica Giorgio Aprea$bFR0017 $eN 912 $aBVE0692163 950 2$aBiblioteca umanistica Giorgio Aprea$d 52LAB.ARCH. 932 Sok.Cap. 1$e 52DUS0000004185 VMN PRIN 2017 Prof. Lucio Del Corso$fB $h20200702$i20200702 977 $a 52 996 $a1: (2003-2009)$93604060 997 $aUNICAS